000 00427nam a22001817a 4500
003 MPLRDC
005 20220104113732.0
008 210129b ||||| |||| 00| 0 eng d
020 _a962-257-110-7
082 _a848.3 CL v.3
100 _a蔡澜著
245 _a蔡澜谈日本
_c
250 _a四版
260 _a
_b天地图书有限公司
_c1988
300 _b
650 _a现代别集
942 _cBK
_o848.3 CL v.3
999 _c1951
_d1941